New bearings in English studies: (Record no. 13777)

MARC details
000 -LEADER
fixed length control field 00790nam a22002057a 4500
005 - DATE AND TIME OF LATEST TRANSACTION
control field 20080618104238.0
008 - FIXED-LENGTH DATA ELEMENTS--GENERAL INFORMATION
fixed length control field 080618t xxu||||| |||| 00| 0 eng d
010 ## - LIBRARY OF CONGRESS CONTROL NUMBER
LC control number ENG-90368
020 ## - INTERNATIONAL STANDARD BOOK NUMBER
International Standard Book Number 8125035125
Terms of availability 850.00
035 ## - SYSTEM CONTROL NUMBER
System control number EN-73901
037 ## - SOURCE OF ACQUISITION
Source of stock number/acquisition DBAD / PUB
040 ## - CATALOGING SOURCE
Original cataloging agency DPL
Language of cataloging EN
082 ## - DEWEY DECIMAL CLASSIFICATION NUMBER
Classification number 880.8
245 ## - TITLE STATEMENT
Title New bearings in English studies:
Statement of responsibility, etc edited by R. Azhagarasan...[et al]
Remainder of title a festschrift for C T Indra /
260 ## - PUBLICATION, DISTRIBUTION, ETC. (IMPRINT)
Place of publication, distribution, etc New Delhi
Name of publisher, distributor, etc Orient Longman
Date of publication, distribution, etc 2008
270 ## - ADDRESS
Address 1/24, Asaf Ali Raod,
City New Delhi
Postal code 110002
300 ## - PHYSICAL DESCRIPTION
Extent xxvii, 243p.
Dimensions 25 cm (Hb)
942 ## - ADDED ENTRY ELEMENTS (KOHA)
Koha item type English Books
Classification part 880.8
Source of classification or shelving scheme Dewey Decimal Classification
Call number suffix NEW
Holdings
Withdrawn status Lost status Damaged status Not for loan Collection code Home library Current library Date acquired Source of acquisition Cost, normal purchase price Total Checkouts Full call number Barcode Date last seen Copy number Cost, replacement price Price effective from Koha item type
      Not For Loan Non-fiction D.B.Act.Division D.B.Act.Division 18/06/2008 DBAD / PUB 850.00   880.8 NEW EN-73901 15/09/2008 1 850.00 15/09/2008 English Books

© Delhi Public Library
Hit Counter
free hit counter